Sổ tay cây cỏ rừng ngập Cà Mau
Nội dung quyển sách trình bày danh mục thực vật rừng ngập Cà Mau, mô tả hình thái các loại thực vật.
שמור ב:
| מחבר ראשי: | |
|---|---|
| פורמט: | ספר |
| שפה: | Undetermined |
| יצא לאור: |
Cà Mau
[Sở Khoa học Công nghệ và Môi trường Cà Mau Trung tâm nghiên cứu và ứng dụng kỹ thuật rừng ngập Minh Hải]
1999
|
| נושאים: | |
| תגים: |
הוספת תג
אין תגיות, היה/י הראשונ/ה לתייג את הרשומה!
|
| Thư viện lưu trữ: | Trung tâm Học liệu Trường Đại học Cần Thơ |
|---|
| LEADER | 00976nam a2200193Ia 4500 | ||
|---|---|---|---|
| 001 | CTU_159740 | ||
| 008 | 210402s9999 xx 000 0 und d | ||
| 082 | |a 577.3 | ||
| 082 | |b H513 | ||
| 100 | |a Hà, Quốc Hùng | ||
| 245 | 0 | |a Sổ tay cây cỏ rừng ngập Cà Mau | |
| 245 | 0 | |c Hà Quốc Hùng, Đặng Trung Tấn; Hiệu đính: Nguyễn Bội Quỳnh, Trần Tuyết Oanh | |
| 260 | |a Cà Mau | ||
| 260 | |b [Sở Khoa học Công nghệ và Môi trường Cà Mau Trung tâm nghiên cứu và ứng dụng kỹ thuật rừng ngập Minh Hải] | ||
| 260 | |c 1999 | ||
| 520 | |a Nội dung quyển sách trình bày danh mục thực vật rừng ngập Cà Mau, mô tả hình thái các loại thực vật. | ||
| 650 | |a Mangrove,Forest ecology,Cây đước,Sinh thái học rừng | ||
| 904 | |i Hồng, Năm | ||
| 980 | |a Trung tâm Học liệu Trường Đại học Cần Thơ | ||